| 000 | 01093cam a2200289 a 4500 | ||
|---|---|---|---|
| 999 |
_c8033 _d8033 |
||
| 001 | 17429819 | ||
| 003 | OSt | ||
| 005 | 20200129101206.0 | ||
| 008 | 120814s2012 ii a 000 0 eng | ||
| 010 | _a 2012033102 | ||
| 020 | _a9788132110491 (pbk. : alk. paper) | ||
| 040 |
_aDLC _coclc _dDLC |
||
| 042 | _apcc | ||
| 043 | _aa-ii--- | ||
| 050 | 0 | 0 |
_aHD57.7 _b.L425 2012 |
| 082 | 0 | 0 |
_a658.4092 _223 _bALL/L |
| 245 | 0 | 0 |
_aLeaders on leadership : _binsights from corporate India / _cAll India Management Association. |
| 260 |
_aLos Angeles : _bSAGE, _c2012. |
||
| 300 |
_axiv, 156 p. : _bcol. ill. ; _c22 cm. |
||
| 650 | 0 |
_aLeadership _zIndia _vCase studies. |
|
| 650 | 0 |
_aExecutives _zIndia _vCase studies. |
|
| 650 | 0 |
_aLeadership _vCase studies. |
|
| 710 | 2 |
_aAll India Management Association _91650 |
|
| 906 |
_a7 _bcbc _corignew _d1 _eecip _f20 _gy-gencatlg |
||
| 942 |
_2ddc _cBK _h658.4092 _iALL/L _k658.4092 _mALL/L |
||